|
|
|
|
| LEADER |
00000nam0a2200000 4500 |
| 001 |
254015 |
| 005 |
20231101232910.0 |
| 010 |
|
|
|a 9785160057811
|
| 035 |
|
|
|a (RuTPU)RU\TPU\book\276437
|
| 090 |
|
|
|a 254015
|
| 100 |
|
|
|a 20140318d2014 k y0rusy50 ca
|
| 101 |
0 |
|
|a rus
|
| 102 |
|
|
|a RU
|
| 105 |
|
|
|a a z 000zy
|
| 200 |
1 |
|
|a Оценка деятельности и система управления компанией на основе KPI
|f М. М. Панов
|
| 210 |
|
|
|a Москва
|c Инфра-М
|d 2014
|
| 215 |
|
|
|a 254 с.
|c ил.
|
| 225 |
1 |
|
|a Просто. Кратко. Быстро
|
| 330 |
|
|
|a Книга дает представление о том, как правильно выстроить систему оценки и управления деятельностью подразделений и компании в целом на основе KPI. Здесь описываются такие важные вопросы, как оптимизация организационной структуры, формирование структуры финансовых и оперативных показателей, распределение ответственности за выполнение показателей между подразделениями, разработка и внедрение рабочего процесса по управлению KPI, мотивация сотрудников и руководителей компании фактического исполнения планов; приводится множество примеров из консультационной практики.Для собственников бизнеса, генеральных и финансовых директоров, а также бизнес-консультантов и специалистов в области стратегического и финансово-экономического управления.
|
| 606 |
1 |
|
|a Предприятия
|x Экономика
|x Управление
|2 stltpush
|3 (RuTPU)RU\TPU\subj\36690
|9 57983
|
| 610 |
1 |
|
|a компании
|
| 610 |
1 |
|
|a фирмы
|
| 610 |
1 |
|
|a управленческая деятельность
|
| 610 |
1 |
|
|a системное управление
|
| 610 |
1 |
|
|a стратегическое управление
|
| 610 |
1 |
|
|a организационные структуры
|
| 610 |
1 |
|
|a анализ
|
| 610 |
1 |
|
|a оценка
|
| 610 |
1 |
|
|a KPI
|
| 610 |
1 |
|
|a системы управления
|
| 610 |
1 |
|
|a финансовое управление
|
| 610 |
1 |
|
|a монографии
|
| 686 |
|
|
|a У9(2)29-2
|v LBC/SL-A
|2 rubbk
|
| 700 |
|
1 |
|a Панов
|b М. М.
|g Максим Михайлович
|
| 801 |
|
1 |
|a RU
|b 63413507
|c 20140318
|
| 801 |
|
2 |
|a RU
|b 63413507
|c 20140513
|g RCR
|
| 942 |
|
|
|c BK
|
| 959 |
|
|
|a 51/20140317
|d 1
|e 349,90
|f ЧЗГЛ:1
|